00254nam a2200121Ia 45000030006000000080041000060400015000471000011000622450021000732600009000945460012001030050017001150STCL150530s9999 xx 000 0 und d aSTCLcSTCL aButler aWay of all flesh c1950 aEnglish20220125171052.0